| 000 | 00453nam a2200181Ia 4500 | ||
|---|---|---|---|
| 008 | 090630s9999 xx 000 0 und d | ||
| 082 | _b371 | ||
| 100 | _aMitras B. B. | ||
| 245 |
_aCriminac procet dare code. _cMitras B. B. |
||
| 260 |
_b--- _c1943 |
||
| 300 | _a1824 | ||
| 600 | _aMitras B. B. | ||
| 630 | _aCriminac procet dare code. | ||
| 655 | _aEnglish. | ||
| 700 | _aMitras B. B. | ||
| 730 | _aCriminac procet dare code. | ||
| 942 | _cBOOK | ||
| 999 |
_c252227 _d252227 |
||